| 000 | 00443nam a2200109Ia 4500 | ||
|---|---|---|---|
| 008 | 220204s9999 xx 000 0 und d | ||
| 082 |
_a031 _bMON |
||
| 245 | 0 | _aMonthly statistics of the foriegn trade of India. Vol 1. Exports including re-exports.Vol.II. Imports,March 2015(CD) | |
| 260 |
_aKolkata _bDirectorate General of Commercial Intelligence of Statistics |
||
| 300 | _eCD Form Original CD transferred to Statistics Division | ||
| 942 | _cBK | ||
| 999 |
_c43183 _d43183 |
||